000 00636nam a2200253Ia 4500
003 OSt
005 20221006145024.0
006 a|||||r|||| 00| 0
007 ta
008 221006b |||||||| |||| 00| 0 eng d
020 _cP1.25
024 _a13,537
037 _cTextual
040 _aEASL
_cEASL
_beng
041 _2eng
_aeng
082 _aV49.F.N7, L5
100 _aBLOODWORTH Dennis
_9108411
245 0 _aEye for the dragon
260 _aLondon
_bPenguin Press
_c1975
300 _a440p.
_ccm.
490 _v Oth
942 _hV49.F.N7, L5
_cTEXL
_2CC
999 _c1081623
_d1081623